| 000 | 00343nam a2200145Ia 4500 | ||
|---|---|---|---|
| 008 | 230917s9999||||xx |||||||||||||| ||und|| | ||
| 040 |
_e20606 _aMAIN |
||
| 041 | _aEnglish | ||
| 082 | _a512.5 B293A | ||
| 100 | _aBass, Hyman | ||
| 245 | 0 | _aAlgebraic k-theory | |
| 260 |
_aNew York _bW A Benjamin _c1968 |
||
| 300 | _axix, 762 p. | ||
| 942 | _cBK | ||
| 999 |
_c93944 _d93944 |
||